| 000 | 00942nam a2200241 i 4500 | ||
|---|---|---|---|
| 001 | 185395 | ||
| 003 | ES-MaACL | ||
| 005 | 20230906222424.0 | ||
| 008 | 160531s1946 sp cf |||| |bspa d | ||
| 080 | _a929 Posada Herrera, José | ||
| 100 | 1 |
_aTaxonera, Luciano de, _d1890-1967 _9109428 |
|
| 245 | 1 | 0 |
_aPosada Herrera / _cpor Luciano de Taxonera. |
| 260 |
_aMadrid : _bPurcalla, _c1946. |
||
| 300 |
_a226 p., [4] h. de lám. ; _c21 cm. |
||
| 490 | 1 |
_aMedio siglo de historia ; _v5 |
|
| 504 | _aBibliografía: p. [226] | ||
| 594 | _aPrecede al tít.: Los presidentes del Consejo de la Monarquía Española, 1874-1931. | ||
| 600 | 1 | 4 |
_aPosada de Herrera, José de, _d1814-1885 _993329 |
| 830 | 1 |
_aMedio siglo de historia ; _v5 _9192300 |
|
| 852 |
_aES-MaACL _jE-4329 _z- Enc. cart. |
||
| 852 | 1 |
_aBA _jL-31582 _z- Enc. cart. _z- Donat. herederos de la bibl. de Mª del Pilar Costa Palacín |
|
| 999 |
_c185395 _d185395 |
||